| 000 | 00500nam a2200181Ia 4500 | ||
|---|---|---|---|
| 003 | GCL | ||
| 008 | 140319s9999 xx 000 0 eng d | ||
| 040 |
_aGCL / _cGCL |
||
| 082 | 0 | 4 |
_a001.47275 _bM R |
| 100 | 1 | _aMASON, J. ALDEN | |
| 245 | 1 | 0 |
_aRESERCH IN CHIAPAS, MEXICO / _cMASON, J. ALDEN |
| 260 |
_a[S.N] : _bNEW WORLD ARCHAEOLOGICAL FOUNDATION ، _c1959 |
||
| 300 | _a112-16 | ||
| 650 | 0 | 4 | _aCHIAPAS, MEXICO |
| 650 | 0 | 4 | _aMEXICO |
| 650 | 0 | 4 | _aARCHEOLOGICAL - CHIAPAS, MEXICO |
| 942 |
_2ddc _cBK |
||
| 999 |
_c12215 _d12215 |
||